| 000 | 00739nam a2200253 a 4500 | ||
|---|---|---|---|
| 001 | 57606 | ||
| 003 | BD-RJUL | ||
| 005 | 20211209080532.0 | ||
| 008 | 161211s1987 enk 001 0 eng d | ||
| 020 | _a033341389X | ||
| 020 | _a0333413903 (pbk) | ||
| 035 | _aBD-RjUL57730 | ||
| 040 |
_aBD-RjUL _beng _cBD-RjUL |
||
| 041 | _aeng | ||
| 082 |
_a305.42091724 _219 _bWOM 1987 |
||
| 245 | 0 | 0 |
_aWomen, state and ideology : _bstudies from Africa and Asia / _cedited by Haleh Afshar |
| 260 |
_aLondon : _bMacmillan, _c1987 |
||
| 300 |
_a245 p. ; _c22 cm |
||
| 504 | _aIncludes index | ||
| 650 | 0 |
_aWomen _zDeveloping countries _xSocial conditions _9171043 |
|
| 700 | 1 |
_aAfshar, Haleh, _d1944- _9171044 |
|
| 942 |
_2ddc _cBK |
||
| 999 |
_c57606 _d57606 |
||